Statistieken voor Alle landen die ooit aan Duitsland grensden

Klik hier om de quiz te nemen!

Algemene statistieken

  • Deze quiz is 252 keer genomen
  • De gemiddelde score is 20 van 27

Antwoorden op de kaart

Antwoorden kleurgecodeerd door een groen-rode schaal op de quizkaart volgens % correct hieronder.
 

Antwoordstatistieken

Country% Correct
Nederland
100%
België
99%
Oostenrijk
99%
Frankrijk
98%
Polen
98%
Rusland
98%
Zwitserland
98%
Italië
97%
Denemarken
96%
Tsjechië
96%
Luxemburg
94%
Zweden
93%
Finland
90%
Spanje
90%
Hongarije
83%
Bulgarije
78%
Roemenië
76%
Litouwen
73%
Sovjet Unie
71%
Joegoslavië
64%
Tsjechoslowakije
60%
Oostenrijk-Hongarije
59%
Liechtenstein
51%
Andorra
33%
Saarland
19%
Saar Protectoraat
17%
Danzig
12%

Scoreverdeling

Percentiel versus Aantal Correcte Antwoorden

Procent van Mensen met Elke Score

Uw Scoregeschiedenis

U heeft deze quiz nog niet genomen